Veľa nových zákonov komplikuje prenos právomocí v školstve

Prijatie zákona č. 416/2001 Z.z. o prechode niektorých pôsobností zo štátu na obce a samosprávne kraje, malo byť podložené majetkom a financiami, čo však nebolo dôsledne dotiahnuté do konca. Chýbajú protokoly. Neujasnené vlastníctvo budov. Právna subjektivita pre všetky školy. Vyjasnenie nejasných k...

Descrizione completa

Salvato in:
Dettagli Bibliografici
Autore principale: Reiselová, Eva
Natura: Capitolo di libro
Lingua:slovacco
Soggetti:
Tags: Aggiungi Tag
Nessun Tag, puoi essere il primo ad aggiungerne!!

MARC

LEADER 00000naa a2200000 4500
001 r045311
005 20230921114150.3
041 0 |a slo 
044 |a SK 
245 1 0 |a Veľa nových zákonov komplikuje prenos právomocí v školstve  |c Eva Reiselová 
520 |a Prijatie zákona č. 416/2001 Z.z. o prechode niektorých pôsobností zo štátu na obce a samosprávne kraje, malo byť podložené majetkom a financiami, čo však nebolo dôsledne dotiahnuté do konca. Chýbajú protokoly. Neujasnené vlastníctvo budov. Právna subjektivita pre všetky školy. Vyjasnenie nejasných kompetencií. 
610 2 0 |a školstvo 
610 2 0 |a právomoc 
610 2 0 |a štát 
610 2 0 |a obce 
610 2 0 |a kraje 
610 2 0 |a majetok 
610 2 0 |a financie 
610 2 0 |a budovy 
610 2 0 |a vlastníctvo 
610 2 0 |a subjektivita právna 
610 2 0 |a školy 
610 2 0 |a kompetencie 
610 2 0 |a zákony 
100 1 |a Reiselová, Eva